Kabale University Library Catalogue

Microeconomics / (Record no. 5803)

MARC details
000 -LEADER
fixed length control field 00828cam a22002538i 4500
003 - CONTROL NUMBER IDENTIFIER
control field Ost
005 - DATE AND TIME OF LATEST TRANSACTION
control field 20250826183825.0
006 - FIXED-LENGTH DATA ELEMENTS--ADDITIONAL MATERIAL CHARACTERISTICS
fixed length control field m |o d |
007 - PHYSICAL DESCRIPTION FIXED FIELD--GENERAL INFORMATION
fixed length control field cr_|||||||||||
008 - FIXED-LENGTH DATA ELEMENTS--GENERAL INFORMATION
fixed length control field 210831s2022 nyu o 001 0 eng
020 ## - INTERNATIONAL STANDARD BOOK NUMBER
International Standard Book Number 129209463X
020 ## - INTERNATIONAL STANDARD BOOK NUMBER
International Standard Book Number 9781292094632
040 ## - CATALOGING SOURCE
Original cataloging agency KABLIB
Language of cataloging eng
Transcribing agency KABLIB
Description conventions rda
082 00 - DEWEY DECIMAL CLASSIFICATION NUMBER
Classification number 339
Edition number 23
Item number PAR
100 1# - MAIN ENTRY--PERSONAL NAME
Personal name Parkin, Michael,
Dates associated with a name 1939-
9 (RLIN) 14662
245 10 - TITLE STATEMENT
Title Microeconomics /
Statement of responsibility, etc. Michael Parkin.
250 ## - EDITION STATEMENT
Edition statement 12th ed.
260 ## - PUBLICATION, DISTRIBUTION, ETC.
Place of publication, distribution, etc. Boston ; Harlow :
Name of publisher, distributor, etc. Pearson Education Ltd.,
Date of publication, distribution, etc. c2016
300 ## - PHYSICAL DESCRIPTION
Extent 528 p. :
Other physical details col. ill. ;
Dimensions 28 cm.
500 ## - GENERAL NOTE
General note Includes glossary, index.
650 #0 - SUBJECT ADDED ENTRY--TOPICAL TERM
Topical term or geographic name entry element Microeconomics.
9 (RLIN) 17
776 08 - ADDITIONAL PHYSICAL FORM ENTRY
Relationship information Print version:
Main entry heading Parkin, Michael, 1939-
Title Macroeconomics
Edition Fourteenth Edition.
Place, publisher, and date of publication New York, NY : Pearson, 2022
International Standard Book Number 9780137470822
Record control number (DLC) 2021042489
942 ## - ADDED ENTRY ELEMENTS (KOHA)
Source of classification or shelving scheme Dewey Decimal Classification
Koha item type Book
Holdings
Withdrawn status Lost status Source of classification or shelving scheme Damaged status Not for loan Home library Current library Shelving location Date acquired Source of acquisition Total Checkouts Full call number Barcode Date last seen Price effective from Koha item type
    Dewey Decimal Classification     Mukombe Library Mukombe Library Open Access Section 26.08.2025 Donated   338.5 PAR 14010 17.09.2025 26.08.2025 Book

Kabale University Library | Kabale University P.O Box 317, Kabale, Uganda
Tel : +256754017033, +256774661503 E-mail : library@kab.ac.ug